000
00248nam a2200097Ia 4500
001
642384
005
20250826153525.0
008
250824s9999 xx 000 0 und d
245
0
_a
Ece Yüce/Annem Beni Sevmiyormu
_c
Gülten Dayıoğlu
260
_b
ALTIN
999
_c
642384
_d
642384